| 000 | 00422nam a2200157Ia 4500 | ||
|---|---|---|---|
| 008 | 230312s9999||||xx |||||||||||||| ||und|| | ||
| 020 | _a81-7649-145-4 | ||
| 082 |
_a302.2242 _bBOW |
||
| 100 | _aJohn Bowden | ||
| 245 | 0 | _aMaking the Best Man's Speech | |
| 260 |
_bviva Books Private Limited _aNew Delhi |
||
| 300 | _a77 | ||
| 546 | _aEng. | ||
| 650 |
_aEconomics _vLearning essentails, saying it with humour |
||
| 942 | _cBK | ||
| 999 |
_c2796 _d2796 |
||